[Event "Steyr Landesliga 1920"]
[Site "Austria"]
[Date "2019.09.28"]
[Round "1.8"]
[White "Wuerger, Simon"]
[Black "Lemsitzer, Simon"]
[Result "1-0"]
[WhiteElo "1450"]
[BlackElo "1833"]
[PlyCount "97"]
[EventDate "2019.09.28"]
[EventType "team-tourn"]
[EventRounds "11"]
[EventCountry "AUT"]
[SourceTitle "CBM 193 Extra"]
[Source "ChessBase"]
[SourceDate "2020.01.31"]
[SourceVersion "1"]
[SourceVersionDate "2020.01.31"]
[SourceQuality "1"]
[WhiteTeam "Trofaiach Niklasdorf"]
[BlackTeam "Gratwein Strassengel"]
[WhiteTeamCountry "AUT"]
[BlackTeamCountry "AUT"]

1. e4 c5 2. Nf3 d6 3. Bb5+ Bd7 4. Bxd7+ Nxd7 5. 0-0 Ngf6 6. Nc3 e6 7. d3 Be7 8. Be3 0-0 9. Qd2 a6 10. Rab1 b5 11. a3 Qc7 12. b4 cxb4 13. axb4 Rac8 14. Rb3 h6 15. Rc1 Rfd8 16. Ne2 d5 17. exd5 exd5 18. c3 Nb6 19. Bxb6 Qxb6 20. Ra3 Ra8 21. Ra2 Bd6 22. Rca1 Ra7 23. Ra5 Bc7 24. Kf1 Ng4 25. Ned4 Re8 26. h3 Nf6 27. Kg1 Nh5 28. Ne2 Qf6 29. R5a3 Qb6 30. Ra5 Rc8 31. Nfd4 Rca8 32. Nf3 g5 33. Kf1 Qg6 34. R5a3 g4 35. hxg4 Qxg4 36. Qxh6 f6 37. Qe3 Bd6 38. Qd4 Qf5 39. Qe3 Re7 40. Qd2 Rae8 41. Re1 Rg7 42. Ned4 Rxe1+ 43. Nxe1 Qg6 44. Qe3 Nf4 45. g3 Re7 46. Qf3 Ne6 47. Qxd5 Qe8 48. Rxa6 Kg7 49. Nf5+ 1-0